Lenguaje 5 /
Guardado en:
| Autor Principal: | |
|---|---|
| Formato: | Libro |
| Publicado: |
Buenos Aires :
Santillana,
1994.
|
| Series: | Serie 2000
|
| Materias: | |
| Etiquetas: |
Agregar Etiqueta
Sin Etiquetas, Sea el primero en etiquetar este registro!
|
| LEADER | 00707nam a22002415a 4500 | ||
|---|---|---|---|
| 001 | CEM.cems012518 | ||
| 005 | 20100714094644.0 | ||
| 008 | 130507s1994##################000#0#####d | ||
| 003 | CEMS | ||
| 020 | |a 9504602231 | ||
| 082 | 0 | 4 | |a SG372.41 |
| 100 | 1 | |a Mérega, Herminia | |
| 245 | 1 | 0 | |a Lenguaje 5 / |c Herminia Mérega |
| 260 | |a Buenos Aires : |b Santillana, |c 1994. | ||
| 300 | |a 134 p. | ||
| 490 | 0 | |a Serie 2000 | |
| 500 | |a Libro de lectura para 5º grado. | ||
| 653 | |a Biblioteca maría de los Ángeles saggio | ||
| 653 | |a Educación | ||
| 653 | |a Educación primaria | ||
| 653 | |a Lengua-5º egb | ||
| 653 | |a Lengua-lectura | ||
| 859 | |a CEMS |b BIB. CEMS - 11 de abril |h SG372.41 |i M559 |p 23781.07 |t Ej.1 |v 5º |3 5º | ||
